<?xml version="1.0" encoding="UTF-8"?>
<marc:record xmlns:marc="http://www.loc.gov/MARC21/slim">
   <marc:leader>00000nam a2200000 a 4500</marc:leader>
   <marc:datafield ind1="1" ind2=" " tag="100">
      <marc:subfield code="a">Foenkinos, David</marc:subfield>
      <marc:subfield code="4">aut</marc:subfield>
      <marc:subfield code="e">Verfasser/-in</marc:subfield>
   </marc:datafield>
   <marc:datafield ind1="1" ind2=" " tag="100">
      <marc:subfield code="a">Kolb, Christian</marc:subfield>
      <marc:subfield code="4">trl</marc:subfield>
      <marc:subfield code="e">Übersetzer/-in</marc:subfield>
   </marc:datafield>
   <marc:datafield ind1=" " ind2=" " tag="653">
      <marc:subfield code="a">Geschichte 1920</marc:subfield>
   </marc:datafield>
   <marc:datafield ind1=" " ind2=" " tag="653">
      <marc:subfield code="a">Geschichte 1933</marc:subfield>
   </marc:datafield>
   <marc:datafield ind1=" " ind2=" " tag="653">
      <marc:subfield code="a">Mädchen</marc:subfield>
   </marc:datafield>
   <marc:datafield ind1=" " ind2=" " tag="653">
      <marc:subfield code="a">Malerin</marc:subfield>
   </marc:datafield>
   <marc:datafield ind1=" " ind2=" " tag="653">
      <marc:subfield code="a">Berlin</marc:subfield>
   </marc:datafield>
   <marc:datafield ind1=" " ind2=" " tag="653">
      <marc:subfield code="a">Exil</marc:subfield>
   </marc:datafield>
   <marc:datafield ind1="0" ind2="0" tag="245">
      <marc:subfield code="a">Charlotte</marc:subfield>
   </marc:datafield>
   <marc:datafield ind1="0" ind2="0" tag="245">
      <marc:subfield code="b">Roman</marc:subfield>
   </marc:datafield>
   <marc:datafield ind1="0" ind2="0" tag="245">
      <marc:subfield code="c">David Foenkinos. Aus d. Franz. von Christian Kolb</marc:subfield>
   </marc:datafield>
   <marc:datafield ind1=" " ind2="1" tag="264">
      <marc:subfield code="a">München</marc:subfield>
      <marc:subfield code="b">Deutsche Verlags-Anstalt</marc:subfield>
      <marc:subfield code="c">2015</marc:subfield>
   </marc:datafield>
   <marc:datafield ind1="1" ind2=" " tag="520">
      <marc:subfield code="a">Angaben aus der Verlagsmeldung. Charlotte : Roman Charlotte / von David Foenkinos. &#x84;Das ist mein ganzes Leben&#x93; &#x96; mit diesen Worten übergibt Charlotte einem Vertrauten einen Koffer voller Bilder. Sie sind im französischen Exil entstanden und erzählen, wie sie als kleines Mädchen, damals im Berlin der 1920er, nach dem Tod der Mutter das Alleinsein lernt, während sich ihr Vater, ein angesehener Arzt, in die Arbeit stürzt. Dann die Jahre, in denen das kulturelle Leben wieder Einzug hält bei den Salomons. Die Stiefmutter ist eine berühmte Sängerin; man ist bekannt mit Albert Einstein, Erich Mendelsohn, Albert Schweitzer. Charlotte beginnt zu malen und es entstehen Bilder, in denen dieses einzelgängerische, verträumte Mädchen sein Innerstes nach außen kehrt, Bilder, die von großer Begabung zeugen. Doch dann ergreift 1933 der Hass die Macht, es folgen Flucht, Exil, aber auch Leidenschaft und Heirat. Nur ihre Bilder überleben &#x96; und damit ihre Geschichte. &#x84;Charlotte&#x93; ist das Porträt eines verheißungsvollen Lebens, das viel zu früh beendet wurde, und zugleich Zeugnis einer langjährigen, von Faszination getriebenen Spurensuche David Foenkinos&#x91;, einer Liebe auf den ersten &#x84;Blick&#x93;.</marc:subfield>
   </marc:datafield>
   <marc:datafield ind1=" " ind2=" " tag="020">
      <marc:subfield code="a">9783421047083</marc:subfield>
      <marc:subfield code="9">9783421047083</marc:subfield>
   </marc:datafield>
   <marc:datafield ind1=" " ind2=" " tag="020">
      <marc:subfield code="a">ISBN 9783421047083 ? 18,50</marc:subfield>
      <marc:subfield code="9">ISBN 9783421047083 ? 18,50</marc:subfield>
   </marc:datafield>
   <marc:datafield ind1=" " ind2=" " tag="041">
      <marc:subfield code="a">ger</marc:subfield>
   </marc:datafield>
   <marc:datafield ind1="0" ind2=" " tag="490">
      <marc:subfield code="v">0</marc:subfield>
   </marc:datafield>
   <marc:datafield ind1=" " ind2=" " tag="300">
      <marc:subfield code="a">237 S.</marc:subfield>
   </marc:datafield>
</marc:record>
